| 000 | 00363nam a2200145Ia 4500 | ||
|---|---|---|---|
| 005 | 20251222152611.0 | ||
| 008 | 251222s9999||||xx |||||||||||||| ||spa|| | ||
| 020 | _a9789972573439 | ||
| 082 | _a869.56/P75 | ||
| 100 | _aPollarolo Giglio, Giovanna | ||
| 245 | 0 | _aDe Aventurero a Letrado | |
| 250 | _a1ra. ed. | ||
| 264 | _bUniversidad de PacĂfico | ||
| 942 | _cLIB | ||
| 999 |
_c26990 _d26990 |
||